ZDROJE PROPOLISU

Bibliographic Details
Main Authors: Matel, Ivan (Author), Čižmárik, Jozef, 1943- (Author)
Format: Article
Language:Slovak

MARC

LEADER 00000nab a2200000ua 4500
001 vtls010783499
003 SK-MaSNL
005 20260303120222.0
008 230131s1971 xo |||||||||||||||||slo|
035 |a (urnnbn)urn:nbn:sk:snk:ar-a005y1 
035 |a (uuid)35709567-90f2-4053-b99c-6f1eb8ba8884 
035 |a urn:nbn:sk:snk-ab5109 
040 |a SNKBUCL  |b slo  |c SNKBUCL  |e AACR2 
041 0 |a slo 
044 |a xo  |c SK 
100 1 |a Matel, Ivan  |4 aut  |9 1132635 
245 1 0 |a ZDROJE PROPOLISU  |c Ivan Matel, Jozef Čižmárik 
700 1 |a Čižmárik, Jozef,  |d 1943-  |4 aut  |9 106710 
773 0 |t Včelár : odborný časopis Povereníctva poľnohospodárstva a lesného hospodárstva a Ústredia včelárskych združení na Slovensku  |g Roč. 45, č. 11 (1971), s. 250-251 
954 |a odborná, vedecká literatúra pôvodná (slovenská)  |2 lita 
958 |a OND 
958 |a EUIPO 
958 |a article3 
999 |c 1908006  |d 1909936